Pancho el pulgón de mar: cuento para niños
Gorde:
| Egile nagusia: | |
|---|---|
| Formatua: | Liburua |
| Hizkuntza: | gaztelania |
| Argitaratua: |
Santiago
P.M.R
1986
|
| Gaiak: | |
| Etiketak: |
Etiketa erantsi
Etiketarik gabe, Izan zaitez lehena erregistro honi etiketa jartzen!
|
MARC
| LEADER | 00000nam a2200000 a 4500 | ||
|---|---|---|---|
| 001 | UCX7384 | ||
| 003 | CL-VaPUC | ||
| 008 | 931207e19860000CL |||||||||||||||||spa|d | ||
| 082 | 0 | 4 | |a 372.414 |b RUB |2 21 |
| 100 | 0 | |a Rubel Rubinstein, Patricio |e author |9 324213 | |
| 245 | 1 | 0 | |a Pancho el pulgón de mar: cuento para niños |
| 300 | |a 26 p | ||
| 942 | |c BK | ||
| 945 | |d 19931207 00:00:00 |a rbrito | ||
| 260 | |a Santiago |b P.M.R |c 1986 | ||
| 650 | 0 | |a Cuentos infantiles |9 308044 | |
| 650 | 7 | |a LECTURA ELEMENTAL ENSEÑANZA BASICA |2 CL-VaPUC |9 324214 | |
| 583 | |a last modification |c 19931207 00:00:00 |k Rodrigo Vera | ||
| 999 | |c 227212 |d 227210 | ||
| 952 | |0 0 |1 0 |4 0 |6 372_414000000000000_RUB_1986 |7 0 |8 A |9 226080 |a BIBEDU |b BIBEDU |d 2019-11-15 |i 2945185 |o 372.414 RUB 1986 |p 2945185 |r 2019-11-15 |w 2019-11-15 |y BK |k EPE | ||
| 952 | |0 0 |1 0 |4 0 |6 372_414000000000000_RUB_1986 |7 0 |8 A |9 226081 |a BIBEDU |b BIBEDU |d 2019-11-15 |i 2945193 |o 372.414 RUB 1986 |p 2945193 |r 2019-11-15 |w 2019-11-15 |y BK |k EPE | ||